000 00211 a2200097 4500
001 2753
100 _aGeary, A
245 _aMathematics for technical stu
260 _a
_bLongmans green
_c
090 _c2048
_d2048
942 _aNUST-CAE
_cM
_c11647
999 _c237826
_d237826